Music Quiz

Random Music or Song Quiz

Penguin Cafe Orchestra Songs - A History Quiz Stats

 Plays Quiz not verified by Sporcle

Also try: Band by Member
Challenge
Share
Tweet
Embed
Score 0/60 Timer 15:00
0 Plays Today
PCO Song % Correct
Perpetuum Mobile
87.5%
Telephone and Rubber Band (Live in London)
87.5%
Music for a Found Harmonium (Live in London)
87.5%
Music for a Found Harmonium
87.5%
Penguin Cafe Single
75%
From the Colonies
75%
Giles Farnaby's Dream
75%
The Ecstasy of Dancing Fleas
75%
More Milk
75%
Another One from the Colonies
75%
Air
75%
Giles Farnaby's Dream
75%
Air (Live in London)
75%
Air a Danser
75%
Numbers 1-4 (Live in Tokyo)
62.5%
In the Back of a Taxi
62.5%
Beanfields
62.5%
Southern Jukebox Music
62.5%
In the Back of a Taxi
62.5%
Southern Jukebox Music (Live in London)
62.5%
Number's 1-4 (Live in London)
62.5%
Paul's Dance (Live in London)
62.5%
Beanfields
62.5%
Nothing Really Blue
62.5%
Another One from the Porlock
62.5%
Red Shorts
62.5%
Hugebaby
50%
Now Nothing
50%
Horns of the Bull
50%
Oscar Tango
50%
PCO Song % Correct
Oscar Tango (Live in London)
50%
Passing Through
50%
Chartered Flight
37.5%
Cutting Branches for a Temporary Shelter
37.5%
Pythagoras' Trousers
37.5%
Yodel 2
37.5%
Yodel 2 (Live in Tokyo)
37.5%
Prelude and Yodel
37.5%
Sheep Dip
37.5%
Dirt (Live in London)
37.5%
Yodel (Live in London)
37.5%
Cutting Branches for a Temporary Shelter (Live in London)
37.5%
Pythagoras on the Line
37.5%
Kora Kora
37.5%
Salty Bean Fumble
25%
Salty Bean Fumble (Live in Tokyo)
25%
Music by Numbers
25%
Surface Tension
25%
Steady State
25%
Scherzo and Trio
25%
Cage Dead
25%
Pigtail
12.5%
Walk Don't Run
12.5%
Meditation Rag
12.5%
The Toy
12.5%
Isle of View (Music for Helicopter Pilots)
12.5%
Sketch
12.5%
Isle of View (Music for Helicopter Pilots) (Live in London)
12.5%
Lifeboat (Lover's Rock)
12.5%
Vega
12.5%

You're not logged in!

Compare scores with friends on all Sporcle quizzes.
OR
Log In

You Might Also Like...

Show Comments

Extras

Top Quizzes Today


Score Distribution

Your Account Isn't Verified!

In order to create a playlist on Sporcle, you need to verify the email address you used during registration. Go to your Sporcle Settings to finish the process.

Report this User

Report this user for behavior that violates our Community Guidelines.

Details: